000 00536nam a22001817a 4500
003 UA-OsUOA
001 14695
007 ta
008 20031017b un ||||| |||| 00| 0 ukr d
100 _aЯкимович М.
942 _cSA
040 _aUA-OsUOA
_cUA-OsUOA
_dUA-OsUOA
245 _aСвято-Преображенському храмові у м.Дубно - 360 років
300 _aС.3
955 _a0
773 0 _w0
_tВОЛИНЬ
_dРівне
_d2003
_g№34/22 серп./
650 7 _aКраєзнавча робота
_2UDC
999 _c300859
_d300859